Basic Managerial skills for all. (Record no. 464)

MARC details
000 -LEADER
fixed length control field 00425nam a22001697a 4500
005 - DATE AND TIME OF LATEST TRANSACTION
control field 20260401162726.0
008 - FIXED-LENGTH DATA ELEMENTS--GENERAL INFORMATION
fixed length control field 160503b xxu||||| |||| 00| 0 eng d
020 ## - INTERNATIONAL STANDARD BOOK NUMBER
ISBN 81-203-2180-4
041 ## - LANGUAGE CODE
Language code of text/sound track or separate title eng
082 ## - DEWEY DECIMAL CLASSIFICATION NUMBER
Item number 1171
Classification number 658.4
100 ## - MAIN ENTRY--AUTHOR NAME
Personal name McGrath, SJ. EH.
245 ## - TITLE STATEMENT
Title Basic Managerial skills for all.
260 ## - PUBLICATION, DISTRIBUTION, ETC. (IMPRINT)
Place of publication New Delhi
Name of publisher Prentice hall of India,
Year of publication 2004
300 ## - PHYSICAL DESCRIPTION
Number of Pages 723p,
650 ## - SUBJECT ADDED ENTRY--TOPICAL TERM
Topical Term Management
942 ## - ADDED ENTRY ELEMENTS (KOHA)
Koha item type Books
Holdings
Lost status Damaged status Collection code Home library Shelving location Date acquired Cost, normal purchase price Full call number Accession Number Koha item type
    MANAGEMENT JRU Library SHELF-60-N 03/05/2016 295.00 658.4 1171 Books
    MANAGEMENT JRU Library SHELF-60-N 03/05/2016 295.00 658.4 1172 Books